Pokémon - Starters - Statistiques

Statistiques générales
  • Ce quiz a été pris 134 fois
  • Le résultat moyen est 24 sur 32
Statistiques - réponses
Hint Réponse % Correct
Carapuce
99%
Salamèche
99%
RougeBleu Rouge Feu Vert Feuille Bulbizarre
98%
JauneLet's Go Pikachu Pikachu
98%
Poussifeu
90%
RubisSaphir Émeraude Rubis Omega Saphir Alpha Arcko
87%
Tiplouf
86%
Let's Go Évoli Évoli
85%
DiamantPerle Platine Diamant Étincelant Perle Scintillante Tortipouss
85%
Kaiminus
83%
Ouisticram
83%
Héricendre
82%
Héricendre
82%
OrArgent Cristal Or HeartGold Argent SoulSilver Germignon
81%
Gobou
81%
NoirBlanc Noir 2 Blanc 2 Vipélierre
80%
Gruikui
76%
Grenousse
74%
Moustillon
72%
Moustillon
72%
Feunnec
71%
XY Marisson
65%
SoleilLune Ultra-Soleil Ultra-Lune Brindibou
64%
Légendes Pokémon : Arceus Brindibou
64%
Flamiaou
64%
Otaquin
61%
ÉcarlateViolet Poussacha
58%
Chochodile
56%
Coiffeton
51%
ÉpéeBouclier Ouistempo
51%
Flambino
50%
Larméléon
49%
Aucun quiz correspondant
Distribution des résultats
% des personnes avec chaque résultat
Percentile par nombre de réponses
Votre historique - résultats
Vous n’avez pas pris ce quiz